000 00534nam a2200193Ia 4500
005 20250508164359.0
008 008 250505s9999 xx 000 0 hin d
020 _a978-81-8031-101-7
037 _aTextual
040 _aFEDL
_beng
_cFEDL
041 _ahin
_2hin
084 _a891.43, BAC
_qFEDL
100 _aBachchan Singh
245 0 _aAadhunik hindi sahitya ka itihas
260 _aAllahabad, India
_bLokbharti Prakashan
_c2007
300 _a395p
942 _cTEXL
_h891.43, BAC
999 _c1388852
_d1388852